Statistics for Biggest Canadian Cities Within 100 Kilometres

Click here to take the quiz!

General Stats

  • This quiz has been taken 55 times
  • The average score is 34 of 78

Answers on the Map

Answers color-coded by a green-red scale on the quiz's map according to % correct below.
 

Answer Stats

PopulationCity% Correct
1,392,609ABCalgary
98%
5,429,524ONToronto
98%
3,519,595QCMontreal
96%
989,567ONOttawa
96%
705,103QCQuebec City
96%
2,264,823BCVancouver
96%
1,321,426ABEdmonton
92%
711,925MBWinnipeg
92%
316,701NSHalifax
90%
178,427NLSt. John's
90%
245,181SKSaskatoon
88%
21,732WTWhitehorse
88%
18,884NTYellowknife
87%
214,631SKRegina
85%
12,046NLGrand Falls-
Windsor
79%
287,069ONWindsor
79%
93,952ONThunder Bay
71%
44,739PECharlottetown
69%
66,313ONSault Ste. Marie
69%
59,405NBFredericton
60%
7,082NUIqaluit
60%
78,026BCKamloops
58%
108,620NBMoncton
58%
99,718ABRed Deer
58%
62,935ABMedicine Hat
56%
88,054ONSudbury
56%
151,957BCKelowna
54%
114,203QCTrois-Rivières
54%
66,573ABFort McMurray
50%
117,660ONKingston
48%
87,572ABLethbridge
48%
139,565QCSherbrooke
48%
65,510BCPrince George
46%
11,733BCPrince Rupert
44%
29,904NSSydney
44%
48,324MBBrandon
40%
62,320ABGrande Prairie
38%
104,222QCSaguenay
38%
6,408NLHappy Valley-
Goose Bay
37%
29,331ONTimmins
37%
35,102SKPrince Albert
35%
31,400ABLloydminster
33%
10,687ONKenora
31%
12,878MBThompson
29%
19,547NLCorner Brook
27%
50,396ONNorth Bay
27%
25,541QCVal-d'Or
27%
8,622NLLabrador City
25%
36,942QCRimouski
25%
5,368MBThe Pas
25%
7,217NSYarmouth
25%
19,259BCCranbrook
23%
8,095MBDauphin
23%
22,218QCSept-Îles
23%
15,557NBBathurst
21%
11,258SKEstevan
21%
16,022SKSwift Current
21%
7,256ABCold Lake South
19%
12,086NBEdmundston
19%
5,671SKLa Ronge
19%
13,567SKNorth Battleford
19%
13,663BCTerrace
19%
12,643BCTrail-Fruitvale
19%
5,586ONDryden
17%
19,897BCFort St. John
17%
16,041SKYorkton
17%
14,436ABBrooks
15%
5,266SKMeadow Lake
15%
15,940ONPembroke
15%
10,498ONElliot Lake
13%
7,420ONFort Frances
13%
12,064BCQuesnel
13%
9,205ABHinton
12%
9,515ABWhitecourt
12%
6,155ABSlave Lake
10%
6,862QCChibougamau
8%
7,378ONKapuskasing
8%
7,644QCMont-Laurier
6%

Score Distribution

Percentile by Number Answered

Percent of People with Each Score

Your Score History

You have not taken this quiz